000 00679nam a2200229 a 4500
999 _c2237
_d2237
001 2237
003 BD-JhCC
005 20171031113328.0
008 171031s1992 bg a|||| ||a| 000 0 ben d
020 _a9845550493
035 _a(BD-JhCC)2237
040 _aBD-JhCC
_dBD-JhCC
041 _aben
082 _a891.4409
_bMON 1992
100 _aমনিরুজ্জামান
245 _aপ্রলয় কেতন /
_cমনিরুজ্জামান (সম্পা.)
260 _aঢাকা :
_bনজরুল ইন্সটিটিউট,
_c1992.
300 _a170 p. :
_c22 cm.
650 _aBengali Literature
942 _2ddc
_cBK